| 000 | 00473nam a22001817a 4500 | ||
|---|---|---|---|
| 003 | OSt | ||
| 020 | _a8170945321 | ||
| 082 |
_a658.87 _bBAC/EL |
||
| 100 | _aBeckman, Robert C | ||
| 245 |
_aElliott wave explained _ba real world guide to predicting & profiting from market turns |
||
| 260 |
_aNew Delhi _bVision Books |
||
| 300 | _aix, 292 pages; | ||
| 650 | _aStock market | ||
| 650 | _aElliott | ||
| 650 | _aNature' Law | ||
| 650 | _aRed in tooth | ||
| 942 |
_2ddc _cBK |
||
| 999 |
_c127415 _d127415 |
||